000 00206nam a2200085Ia 4500
008 120527s9999 xx 000 0 und d
100 _aMcCONNELL & BRUE
245 _aContemporary labor Economiocs
942 _cBK
999 _c26667
_d26667